000 00428nam a2200157Ia 4500
008 230917s9999||||xx |||||||||||||| ||und||
040 _e100865
_aMAIN
041 _aEnglish
082 _a346.0486 C816I(3)
100 _aCornish, W R
245 0 _aIntellectual property: Patents, copyright, trade marks and allied rights
250 _a3rd ed.
260 _aDelhi
_bUniversal Law
_c2003
300 _acv, 722 p.
942 _cBK
999 _c116497
_d116497